000 03519nam0a2200469 4500
001 RU\NLR\BIBL_A\016273075
005 20260407122316.0
035 _a(NLR Aleph) 016273075
090 _a12892843
_c12892843
100 _a20200220d1903 |||y0rusy50 ca
101 0 _arus
102 _aRU
105 _ay z 000zy
181 0 _ai
_baxxe
182 0 _an
200 1 _aОб изменении закона 15 мая 1873 г. об учреждении премии Императора Петра Великого за лучшие руководства по курсам: элементарному и средних учебных заведений, а также за книги для народного чтения
_eпредставление по этому делу разослано Членам Государственного Совета в печатных экземплярах
_fГосударственный Совет в Соединенных Департаментах промышленности, наук и торговли и законов. Министерство народного просвещения. 19 ноября 1903 года. № 110
203 _aТекст
_bвизуальный
_cнепосредственный
210 _a[Cанкт-Петербург
_cб. и.]
_d1903
215 _a3 с.
_d34
300 _aВ конце текста: Подписали: Н. Чихачов, А. Горемыкин, М. Галкин-Враской [и др.]; Скрепил: Исправляющий должность Статс-Секретаря Н. Покровский
300 _aНа 1-й с.: MCCLXXVII, 15
309 _aБез тит. л. и обл.
316 _aЭкз. РНБ входит в конволют: Материалы. Т. 26 (1903) / Россия. Государственный совет. Департамент промышленности, наук и торговли
_5NLR
517 1 _aМатериалы. Т. 26 (1903)
601 0 1 _aРоссия
_bМинистерство народного просвещения
_jДокументы и материалы
_92444897
_3RU\NLR\AUTH\661454178
606 1 _aПремия Императора Петра Великого
_jДокументы и материалы
_92573685
_3RU\NLR\AUTH\6601733037
686 3 _aЧ34(28)к211
686 3 _aЧ34(28)п7
686 3 _aХ819(2)012.6,011
702 1 _4720
_7ca
_8rus
_aЧихачёв
_bН. М.
_cадмирал, гос. деятель
_f1830-1917
_gНиколай Матвеевич
_9197499
_3RU\NLR\AUTH\770197550
702 1 _aГоремыкин
_bА.
_4720
702 1 _4720
_8rus
_7ca
_aГалкин-Враской
_bМ. Н.
_f1834-1916
_gМихаил Николаевич
_3RU\NLR\AUTH\7711533
_9121275
702 1 _4720
_7ca
_8rus
_aПокровский
_bН. Н.
_cгос. деятель
_f1865-1930
_gНиколай Николаевич
_9153763
_3RU\NLR\AUTH\770153801
711 0 1 _aРоссия
_bМинистерство народного просвещения
_3RU\NLR\AUTH\889944176
_9383530
712 0 1 _4570
_aРоссия
_bСоединенные департаменты промышленности, наук и торговли и законов
_9833101
_3RU\NLR\AUTH\880583600
741 1 _aРоссия
_tЗаконы и постановления
_3RU\NLR\AUTH\889957980
_9412049
852 _aNLR
_j135/295-26(53)
942 _cBOOK
980 _aNB